Our faith and fellowship: (Record no. 6336)

MARC details
000 -LEADER
fixed length control field 01234cam a2200325Ii 4500
001 - CONTROL NUMBER
control field 136526
003 - CONTROL NUMBER IDENTIFIER
control field GBCCL
005 - DATE AND TIME OF LATEST TRANSACTION
control field 20241126110601.0
008 - FIXED-LENGTH DATA ELEMENTS--GENERAL INFORMATION
fixed length control field 780424s1977 mou b 000 0 eng d
010 ## -
-- 77075023
020 ## - INTERNATIONAL STANDARD BOOK NUMBER
International Standard Book Number 0882439081 (pbk.) :
Terms of availability $1.50
020 ## - INTERNATIONAL STANDARD BOOK NUMBER
International Standard Book Number 9780882439082 (pbk.)
035 ## - SYSTEM CONTROL NUMBER
System control number (OCoLC)ocm03824065
035 ## - SYSTEM CONTROL NUMBER
System control number (OCoLC)3824065
040 ## - CATALOGING SOURCE
Original cataloging agency BCT
Transcribing agency BCT
Modifying agency BAKER
-- OCLCQ
-- LBB
049 ## -
-- LBBK
082 ## - DEWEY DECIMAL CLASSIFICATION NUMBER
Classification number 289.94
Item number CAR
100 1# - MAIN ENTRY--PERSONAL NAME
Personal name Carlson, Guy Raymond
Dates associated with a name 1918-
9 (RLIN) 11357
245 10 - TITLE STATEMENT
Title Our faith and fellowship:
Remainder of title A study of the Assemblies of God history and beliefs /
Statement of responsibility, etc. G. Raymond Carlson.
260 ## - PUBLICATION, DISTRIBUTION, ETC.
Place of publication, distribution, etc. Springfield, Mo. :
Name of publisher, distributor, etc. Radiant Books,
Date of publication, distribution, etc. c1977.
300 ## - PHYSICAL DESCRIPTION
Extent 128 p. ;
Dimensions 18 cm.
500 ## - GENERAL NOTE
General note "Adapted from the Christian Faith Series manual Our faith and fellowship by Ralph W. Harris, c1963 by the Gospel Publishing House."
500 ## - GENERAL NOTE
General note On cover: A study of the Assemblies of God history and beliefs.
500 ## - GENERAL NOTE
General note "Errata" slip inserted.
504 ## - BIBLIOGRAPHY, ETC. NOTE
Bibliography, etc. note Includes bibliographical references (124-126).
610 20 - SUBJECT ADDED ENTRY--CORPORATE NAME
Corporate name or jurisdiction name as entry element Assemblies of God.
Subordinate unit General Council
General subdivision Doctrinal and controversial works.
9 (RLIN) 11358
650 ## - SUBJECT ADDED ENTRY--TOPICAL TERM
Topical term or geographic name entry element Assemblies of God
General subdivision Doctrines
9 (RLIN) 11359
650 ## - SUBJECT ADDED ENTRY--TOPICAL TERM
Topical term or geographic name entry element Theology
9 (RLIN) 631
942 ## - ADDED ENTRY ELEMENTS (KOHA)
Source of classification or shelving scheme Dewey Decimal Classification
Koha item type Books
Holdings
Withdrawn status Lost status Source of classification or shelving scheme Damaged status Not for loan Home library Current Library Shelving location Date acquired Total checkouts Full call number Barcode Date last seen Date last checked out Copy number Price effective from Koha item type
    Dewey Decimal Classification     GRACE BIBLE COLLEGE GRACE BIBLE COLLEGE Church History 2018-05-10 1 289.94 CAR 009087 2025-09-17 2025-09-10 c.1 2018-05-10 Books
    Dewey Decimal Classification     GRACE BIBLE COLLEGE GRACE BIBLE COLLEGE Church History 2018-05-10   289.94 CAR 009092 2025-05-01   c.2 2018-05-10 Books
    Dewey Decimal Classification     GRACE BIBLE COLLEGE GRACE BIBLE COLLEGE Church History 2018-07-27   289.94 CAR 013533 2025-05-01   c.3 2018-07-27 Books
© Grace Bible College Library 2025